Manažerské účetnictví a krátkodobé rozhodování. 2
Komparatívny graf celkových nákladov. Podstata a obsah nákladov a výnosov v krátkodobých rozhodovacích úlohách. Komparatívny graf diferenčných nákladov. Výnosy a náklady v krátkodobých rozhodovacích úlohách. Kalkulačné náklady, dodatkové náklady. Stručné závery. Cudzojazyčné ekvivalenty.
Gespeichert in:
| 1. Verfasser: | |
|---|---|
| Format: | Buchkapitel |
| Sprache: | Tschechisch |
| Schlagworte: | |
| Tags: |
Keine Tags, Fügen Sie das erste Tag hinzu!
|
MARC
| LEADER | 00000naa a2200000 4500 | ||
|---|---|---|---|
| 001 | r018449 | ||
| 005 | 20221205103215.1 | ||
| 041 | 0 | |a cze | |
| 044 | |a CZ | ||
| 245 | 1 | 0 | |a Manažerské účetnictví a krátkodobé rozhodování. 2 |c J. Janout |
| 520 | |a Komparatívny graf celkových nákladov. Podstata a obsah nákladov a výnosov v krátkodobých rozhodovacích úlohách. Komparatívny graf diferenčných nákladov. Výnosy a náklady v krátkodobých rozhodovacích úlohách. Kalkulačné náklady, dodatkové náklady. Stručné závery. Cudzojazyčné ekvivalenty. | ||
| 610 | 2 | 0 | |a účtovníctvo manažérske |
| 610 | 2 | 0 | |a účtovanie |
| 610 | 2 | 0 | |a manažment |
| 610 | 2 | 0 | |a rozhodovanie finančné |
| 610 | 2 | 0 | |a grafy |
| 610 | 2 | 0 | |a náklady |
| 610 | 2 | 0 | |a výnosy |
| 100 | 1 | |a Janout, J. | |